000
00225 a2200097 4500
001
35374
100
_a
P Smith Bud E
245
_a
Programming the Intel 80386
260
_a
Delhi
_b
BPB Publication
_c
090
_c
23402
_d
23402
942
_a
NUST-CAE
_c
M
_c
14895
999
_c
270447
_d
270447